| 000 | 01366nam a2200361 c 4500 | ||
|---|---|---|---|
| 999 |
_c160390 _d160390 |
||
| 003 | BLK | ||
| 005 | 20211019121130.0 | ||
| 008 | 180410b bul|||||r ||||||| ||bul|| | ||
| 010 | _aKNG00167599000 | ||
| 040 | _aBLK | ||
| 041 |
_aBUL _cBUL |
||
| 080 |
_aСоциалистически школи и системи. Вж и 330.8 _b141.8 _x(081.1) _z141.8(081.1) |
||
| 100 | 1 |
_aМаркс, Карл _eпърви автор _9365572 |
|
| 139 |
_aМаркс, Карл и др. _bМ 32 |
||
| 245 | 1 | 0 |
_aСъчинения _bТ. 1 - _cКарл Маркс; съавт. Фридрих Енгелс. _nТ. 13 |
| 257 | _aDEU | ||
| 260 |
_bБКП _c1957 - _aСофия |
||
| 300 |
_c23 см _aХXVI, 772 с. _b1 л. факс, 2 л. к. |
||
| 380 | _a1 | ||
| 500 | _aЗагл. на рус. ез. Сочинения ; Ориг. загл. на нем. ез. | ||
| 650 | 4 |
_aНаучен комунизъм _9253121 |
|
| 650 | 4 |
_aМарксизъм-ленинизъм - философия _9277200 |
|
| 653 | _aнаучен комунизъм | ||
| 653 | _aмарксизъм | ||
| 653 | _aленинизъм | ||
| 700 | 1 |
_aЕнгелс, Фридрих _eсъавт. _9374147 |
|
| 760 | 1 |
_aМаркс, Карл _d1964 _hХXVI, 772 с. : 1 л. факс, 2 л. к. _tТ. 13 |
|
| 852 | _aЦб 5860 | ||
| 856 | 4 | _qpdf | |
| 856 | 4 | _qpdf | |
| 942 |
_cKNG _n0 _s1 |
||
| 944 |
_aCR _c24.11.2014 _kМилена_Ачева |
||
| 944 |
_aED _c25.11.2014 _kМилена_Ачева |
||
| 999 | _d160390 | ||